| 000 | 00684nam a2200253Ia 4500 | ||
|---|---|---|---|
| 003 | OSt | ||
| 005 | 20220912150218.0 | ||
| 006 | a|||||r|||| 00| 0 | ||
| 007 | ta | ||
| 008 | 220909b |||||||| |||| 00| 0 eng d | ||
| 024 | _a26862 | ||
| 037 | _cTextual | ||
| 040 |
_aCSL _beng _cCSL |
||
| 041 | _aeng | ||
| 082 | _aC5:72:(2:97)z7, L8 | ||
| 100 | _aHouse William C Ed. | ||
| 245 | 0 | _aLaser beam information systems | |
| 260 |
_aNew York _b Petrocelli Book _c1978 |
||
| 300 |
_axxi, 147p. _ccm. |
||
| 650 | _a Lasers | ||
| 650 | _aOptical storage devices | ||
| 942 |
_hC5:72:(2:97)z7, L8 _cTEXL _2CC |
||
| 999 |
_c42051 _d42051 |
||